00498nam a2200145Ia 4500100002000000942000700020654001300027245004100040260002900081082001700110546001200127999001700139952009500156952010100251 aMc Neilly Mark  cBK aBusiness aSun T2U and the art of Business bOxford universityc1996 a658.409bMCN aENGLISH c34509d34509 001040708CRCaCRCEbCRCEd2023-03-17l0o658.409 MCNp11270r2023-03-17w2023-03-17yBK 001040708CRCaCRCEbCRCEd2023-03-17i3426l0o658.409 MCNp11271r2023-03-17w2023-03-17yBK